Digital cool : (Record no. 75836)

MARC details
000 -LEADER
fixed length control field 00730nam a22002177a 4500
005 - DATE AND TIME OF LATEST TRANSACTION
control field 20130521122145.0
010 ## - LCCN (DPL NO)
LC control number ENG-107208
020 ## - INTERNATIONAL STANDARD BOOK NUMBER
International Standard Book Number 9788125047308
Terms of availability 545.00
035 ## - SYSTEM CONTROL NUMBER
System control number EN-90741
037 ## - SOURCE OF ACQUISITION
Source of stock number/acquisition DBAD/PUB
082 ## - DEWEY DECIMAL CLASSIFICATION NUMBER
Classification number 303.4833
100 ## - MAIN ENTRY--PERSONAL NAME
Personal name Nayar, Pramod K.
245 00 - TITLE STATEMENT
Title Digital cool :
Statement of responsibility, etc by Pramod K. Nayar
Remainder of title life in the age of new media /
260 ## - PUBLICATION, DISTRIBUTION, ETC. (IMPRINT)
Place of publication, distribution, etc New Delhi
Name of publisher, distributor, etc Orient Blackswan
Date of publication, distribution, etc 2012
270 ## - ADDRESS
Address 1/24, Asaf Ali Road
City New Delhi
Postal code 110002
300 ## - PHYSICAL DESCRIPTION
Extent xii,251p.
Dimensions 21cm(Hb)
500 ## - GENERAL NOTE
General note Includes bibliographical references (p. [225]-244) and index.
650 ## - SUBJECT ADDED ENTRY--TOPICAL TERM
Topical term or geographic name as entry element Information technology
General subdivision Social aspects.
650 ## - SUBJECT ADDED ENTRY--TOPICAL TERM
Topical term or geographic name as entry element Telecommunication
General subdivision Social aspects.
942 ## - ADDED ENTRY ELEMENTS (KOHA)
Source of classification or shelving scheme Dewey Decimal Classification
Item type English Books
Call number suffix NAY
Classification part 303.4833
Holdings
Withdrawn status Lost status Not for loan Collection code Home library Current library Date acquired Source of acquisition Cost, normal purchase price Full call number Barcode Copy number Cost, replacement price Koha item type
    Not For Loan Non-fiction D.B.Act.Division Mobile Library 21/05/2013 DBAD/PUB 545.00 303.4833 NAY EN-90741 1 545.00 English Books

© Delhi Public Library
Hit Counter
free hit counter